1589 1585 1276 1806 1111 1308 1602 1907 1149 1905 1118 1970 1882 1193 1458 1664 1017 1697 1203 1723 1166 1900 1641 1161 1204 1485 1758 1260 1964 1208 1186 1468 1121 1497 1666 1640 1250 1600 1345 1681 1827 1872 1621 1224 1585 1004 1304 1975 1636 1750 1692 1133 1929 1834 1494 1824 1680 1905 1827 1884 1561 1182 1360 1289 1629 1299 1429 1263 1166 1631 1610 1981 1150 1591 1013 1388 1363 1439 1727 1721 1769 1677 1452 1554 1035 1278 1640 1936 1143 1766 1000 1732 1724 1087 1901 1807 1827 1866 1423 BCNSPRNW ULIB Ver.6.0+V

เปลี่ยนเป็นภาษาไทย

Change to English
 แสดงรายละเอียดบรรณานุกรม
  กลับหน้าหลัก

Brief Record : Get Marc (ISO 2709) : E-mail record : QR code < ปิดหน้าต่าง
LEADER : 00000nam 2200000uu 4500
001    13399109150
003     ULIB
008    110323s2553||||th 000 0 tha d
020    9789744141606
050  4 B398.I3^bก759ฟ 2553
100 0  เกมอน, เดวิด
245 00 ฟิตสมองแบบอัจฉริยะ = Building mental muscle./^cเกมอน, เดวิด และ แบรกดอน,แอลเล็น ดี
260    กรุงเทพฯ :^bบิสคิต,^c 2553
300    282 หน้า: ^bภาพประกอบ
650  7 สมอง
650  7 ความจำ
650  7 อัจฉริยะบุคคล
700 0  แบรกดอน,แอลเล็น ดี^eผู้แต่งร่วม
945    ^p195^l0^i029946
945    ^p195^l0^i029945
995    เกษร
999 ^a ใช้งานได้ทุกระบบ
รายการนี้ยังไม่มีแท็ก
คุณยังไม่ได้ล็อกอิน คุณสามารถมีกิจกรรมร่วมกับเว็บไซต์ได้ แต่ต้องล็อกอินก่อน ::
  ล็อกอิน

รายการสื่อสารสนเทศ

ลำดับที่ ประเภท เลขเรียก/บาร์โค้ด สถานที่ สถานะ
- ไม่พบข้อมูล -

รายการใกล้เคียง
    ผู้แต่ง [เกมอน, เดวิด]

    หัวเรื่อง [สมอง]
    หัวเรื่อง [ความจำ]
    หัวเรื่อง [อัจฉริยะบุคคล]

BibComment


ยังไม่เคยถูกคอมเมนท์

คอมเมนท์ทรัพยากรรายการนี้
  คอมเมนท์: ฟิตสมองแบบอัจฉริย..


 Copyright 2026. Bcnsprnw @Library